| 000 | 00502nam a22001937a 4500 | ||
|---|---|---|---|
| 003 | MPLRDC | ||
| 005 | 20220104143906.0 | ||
| 008 | 210129b ||||| |||| 00| 0 eng d | ||
| 020 | _a957-30943-2-0 | ||
| 082 | _a411.77 HEW-2 | ||
| 100 | _aJAMES HEWITT | ||
| 245 |
_a走入放松的森林 RELAXATION _c夏宜君 译 |
||
| 250 | _a初版 | ||
| 260 |
_a _b英属希德文化 _c2000 |
||
| 300 | _b平 | ||
| 490 | _a心灵探索. 2 | ||
| 650 | _a休息、松弛、睡眠 | ||
| 942 |
_cBK _o411.77 HEW-2 |
||
| 999 |
_c44368 _d44358 |
||